Golden concise English dictionary : a handy and user-friendly English dictionary

Bibliographic Details
Format: Book
Published: Selangor : Golden Books Centre Sdn. Bhd. , 2005
Subjects:

MARC

LEADER 00000cam a2200000 7i4500
001 0000018505
005 20080612.0
008 080604
020 |a 9837205288 
090 0 0 |a 423   |b GOL 
245 1 0 |a Golden concise English dictionary :   |b a handy and user-friendly English dictionary 
260 |a Selangor :   |b Golden Books Centre Sdn. Bhd. ,   |c 2005 
650 0 |a English language   |x Dictionary 
999 |a 0001012637   |b Book   |c REFERENCE   |e Perbadanan Perpustakaan Awam Johor 
999 |a 0001012638   |b Book   |c REFERENCE   |e Perbadanan Perpustakaan Awam Johor 
999 |a 0001012639   |b Book   |c REFERENCE   |e Perbadanan Perpustakaan Awam Johor